Detalles MARC
| 000 -LIDER |
| fixed length control field |
01008nam a2200313 a 4500 |
| 001 - NÚMERO DE CONTROL |
| Identificador de número de control |
000044169 |
| 003 - IDENTIFICACDOR DE NÚMERO DE CONTROL |
| control field |
DO-SdBNP |
| 005 - DATE AND TIME OF LATEST TRANSACTION |
| control field |
20180316153338.0 |
| 007 - CAMPOS FIJOS DE DESCRIPCIÓN FÍSICA |
| fixed length control field |
000044169 |
| 008 - ELEMENTOS DE LONGITUD FIJA |
| fixed length control field |
140603s19uu dr a 000 0 spa d |
| 040 ## - FUENTE DE CATALOGACIÓN |
| Agencia que crea de manera original el registro |
BPMSU |
| Idioma de catalogación |
spa |
| Agencia que realiza la transcripción |
BPMSU |
| 082 04 - NÚMERO DE CLASIFICACIÓN DECIMAL DE DEWEY |
| Classification number |
Cu860.8 |
| Item number |
M378a |
| 100 1# - ASIENTO PRINCIPAL -- NOMBRE PERSONAL |
| Nombre personal |
Martí, José |
| 245 10 - MENCIÓN DE TITULO |
| Título |
Antología de poesías, cuentos y otros escritos / |
| Mención de responsabilidad |
José Martí. |
| 246 14 - VARIACION DEL TÍTULO |
| Título propiamente dicho o título corto |
Antología de poesías, cuentos y otros escritos de José Martí |
| 260 ## - PUBLICACIÓN, DISTRIBUCIÓN, ETC. (PIE DE IMPRENTA) |
| Lugar de publicación, distribución, etc |
Santo Domingo : |
| Nombre del editor, distribuidor, etc. |
Susaeta, |
| Fecha de publicación, distribución, etc |
[190-?]. |
| 300 ## - DESCRIPCIÓN FÍSICA |
| Extensión |
144 p. : |
| Otros detalles físicos |
il. ; |
| Dimensiones |
22 cm. |
| 490 1# - MENCIÓN DE SERIES |
| Mención de serie |
Biblioteca Susaeta |
| 500 ## - NOTA GENERAL |
| Nota general |
Incluye referencias bilbiográficas y notas al pie de las páginas |
| 650 ## - ENCABEZAMIENTO DE MATERIA--TEMÁTICO |
| Término temático o nombre geográfico como elemento de entrada |
CUENTOS CUBANOS |
| 650 ## - ENCABEZAMIENTO DE MATERIA--TEMÁTICO |
| Término temático o nombre geográfico como elemento de entrada |
POESÍA CUBANA |
| 650 ## - ENCABEZAMIENTO DE MATERIA--TEMÁTICO |
| Término temático o nombre geográfico como elemento de entrada |
ENSAYOS CUBANOS |
| 650 ## - ENCABEZAMIENTO DE MATERIA--TEMÁTICO |
| Término temático o nombre geográfico como elemento de entrada |
LITERATURA CUBANA |
| 830 #0 - ASIENTO SECUNDARIO DE SERIE--TÍTULO UNIFORME |
| Título uniforme |
Biblioteca Susaeta |
| 942 ## - ADDED ENTRY ELEMENTS (KOHA) |
| Source of classification or shelving scheme |
Dewey Decimal Classification |
| Koha item type |
Libros |
| 945 ## - INFORMACIÓN DE PROCESAMIENTO LOCAL |
| Información de procesamiento local |
Remanejado para la BNPHU, 2018 / BT |
| 956 ## - LOCAL ELECTRONIC LOCATION AND ACCESS (OCLC) |
| Nombre de host |
VMATEO |
| Número de acceso |
10 |
| Información de compresión |
20140603 |
| Inicio de sesión |
BPMSU |
| Procesador de solicitud |
0069 |
| 956 ## - LOCAL ELECTRONIC LOCATION AND ACCESS (OCLC) |
| Nombre de host |
Validado. Control de calidad MFF |